Every Team Promoted in Football League + National League 1992-2010 - Statistics

General Stats
  • This quiz has been taken 12 times
    8 since last reset
  • The average score is 167 of 223
Answer Stats
Season Division Club % Correct
1996/97 Division One Barnsley
100%
2005/06 League One Barnsley
100%
1994/95 Division Two Birmingham City
100%
2001/02 First Division Birmingham City
100%
2006/07 Championship Birmingham City
100%
2008/09 Championship Birmingham City
100%
2000/01 Division One Blackburn Rovers
100%
2000/01 Division Three Blackpool
100%
2006/07 League One Blackpool
100%
2009/10 Championship Blackpool
100%
1992/93 Division Two Bolton Wanderers
100%
1994/95 Division One Bolton Wanderers
100%
1996/97 Division One Bolton Wanderers
100%
2000/01 Division One Bolton Wanderers
100%
2002/03 Third Division Bournemouth
100%
2009/10 League Two Bournemouth
100%
1995/96 Division Two Bradford City
100%
1998/99 Division One Bradford City
100%
1998/99 Division Three Brentford
100%
2008/09 League Two Brentford
100%
1997/98 Second Division Bristol City
100%
2006/07 League One Bristol City
100%
2006/07 League Two Bristol Rovers
100%
1993/94 Division Two Burnley
100%
1999/00 Division Two Burnley
100%
2008/09 Championship Burnley
100%
2008/09 Conference National Burton Albion
100%
1995/96 Division Three Bury
100%
1996/97 Division Two Bury
100%
1992/93 Division Three Cardiff City
100%
1998/99 Division Three Cardiff City
100%
2000/01 Division Three Cardiff City
100%
2002/03 Second Division Cardiff City
100%
1996/97 Division Three Carlisle
100%
1994/95 Division Three Carlisle United
100%
2004/05 Conference National Carlisle United
100%
2005/06 League Two Carlisle United
100%
1997/98 First Division Charlton Athletic
100%
1999/00 Division One Charlton Athletic
100%
1997/98 Third Division Colchester United
100%
2005/06 League One Colchester United
100%
1993/94 Division Three Crewe Alexandra
100%
1996/97 Division Two Crewe Alexandra
100%
2002/03 Second Division Crewe Alexandra
100%
1993/94 Division One Crystal Palace
100%
1996/97 Division One Crystal Palace
100%
2003/04 First Division Crystal Palace
100%
1995/96 Division One Derby County
100%
2006/07 Championship Derby County
100%
2002/03 Football Conference Doncaster Rovers
100%
2003/04 Third Division Doncaster Rovers
100%
2007/08 League One Doncaster Rovers
100%
2007/08 Conference National Exeter City
100%
2008/09 League Two Exeter City
100%
1996/97 Division Three Fulham
100%
1998/99 Division Two Fulham
100%
2000/01 Division One Fulham
100%
1995/96 Division Three Gillingham
100%
1999/00 Division Two Gillingham
100%
2008/09 League Two Gillingham
100%
1994/95 Division Two Huddersfield Town
100%
2003/04 Third Division Huddersfield Town
100%
2003/04 Third Division Hull City
100%
2004/05 League One Hull City
100%
2007/08 Championship Hull City
100%
2009/10 League One Leeds United
100%
1993/94 Division One Leicester City
100%
1995/96 Division One Leicester City
100%
2002/03 First Division Leicester City
100%
2008/09 League One Leicester City
100%
1997/98 Third Division Lincoln City
100%
2001/02 Third Division Luton Town
100%
2004/05 League One Luton Town
100%
1998/99 Division Two Manchester City
100%
1999/00 Division One Manchester City
100%
2001/02 First Division Manchester City
100%
1994/95 Division One Middlesbrough
100%
1997/98 First Division Middlesbrough
100%
2000/01 Division Two Millwall
100%
2009/10 League One Millwall
100%
2007/08 League Two Milton Keynes Dons
100%
1992/93 Division One Newcastle United
100%
2009/10 Championship Newcastle United
100%
2003/04 First Division Norwich City
100%
2009/10 League One Norwich City
100%
1993/94 Division One Nottingham Forest
100%
1997/98 First Division Nottingham Forest
100%
2007/08 League One Nottingham Forest
100%
1997/98 Third Division Notts County
100%
2009/10 League Two Notts County
100%
1995/96 Division Two Oxford United
100%
2009/10 Conference National Oxford United
100%
1995/96 Division Three Plymouth Argyle
100%
2001/02 Third Division Plymouth Argyle
100%
2003/04 Second Division Plymouth Argyle
100%
2002/03 First Division Portsmouth
100%
1993/94 Division Two Port Vale
100%
1995/96 Division Three Preston North End
100%
1999/00 Division Two Preston North End
100%
2003/04 Second Division Queens Park Rangers
100%
1993/94 Division Two Reading
100%
2001/02 Second Division Reading
100%
2005/06 Championship Reading
100%
2009/10 League Two Rochdale
100%
1998/99 Division Three Scunthorpe United
100%
2004/05 League Two Scunthorpe United
100%
2006/07 League One Scunthorpe United
100%
2008/09 League One Scunthorpe United
100%
2005/06 Championship Sheffield United
100%
2004/05 League One Sheffield Wednesday
100%
2009/10 Conference National Stevenage
100%
1996/97 Division Two Stockport County
100%
2007/08 League Two Stockport County
100%
1992/93 Division Two Stoke City
100%
2001/02 Second Division Stoke City
100%
2007/08 Championship Stoke City
100%
1995/96 Division One Sunderland
100%
1998/99 Division One Sunderland
100%
2004/05 Championship Sunderland
100%
2006/07 Championship Sunderland
100%
1999/00 Division Three Swansea City
100%
2004/05 League Two Swansea City
100%
2007/08 League One Swansea City
100%
1994/95 Division Three Walsall
100%
1998/99 Division Two Walsall
100%
2000/01 Division Two Walsall
100%
2006/07 League Two Walsall
100%
1997/98 Second Division Watford
100%
1998/99 Division One Watford
100%
2005/06 Championship Watford
100%
1992/93 Division Two West Bromwich Albion
100%
2001/02 First Division West Bromwich Albion
100%
2003/04 First Division West Bromwich Albion
100%
2007/08 Championship West Bromwich Albion
100%
2009/10 Championship West Bromwich Albion
100%
1996/97 Division Three Wigan Athletic
100%
2002/03 Second Division Wigan Athletic
100%
2004/05 Championship Wigan Athletic
100%
2002/03 First Division Wolverhampton Wanderers
100%
2008/09 Championship Wolverhampton Wanderers
100%
1993/94 Division Three Wycombe Wanderers
100%
2008/09 League Two Wycombe Wanderers
100%
2005/06 Conference National Accrington Stanley
50%
2008/09 Conference South AFC Wimbledon
50%
1992/93 Division Three Barnet
50%
2004/05 Conference National Barnet
50%
2007/08 Conference North Barrow
50%
2000/01 Division Three Brighton & Hove Albion
50%
2001/02 Second Division Brighton & Hove Albion
50%
2003/04 Second Division Brighton & Hove Albion
50%
1998/99 Division Three Cambridge United
50%
1998/99 Football Conference Cheltenham Town
50%
2001/02 Third Division Cheltenham Town
50%
2005/06 League Two Cheltenham Town
50%
1994/95 Division Three Chesterfield
50%
2000/01 Division Three Chesterfield
50%
2009/10 Conference North Fleetwood Town
50%
1997/98 Second Division Grimsby Town
50%
2005/06 Conference National Hereford United
50%
2007/08 League Two Hereford United
50%
1999/00 Division One Ipswich Town
50%
2005/06 League Two Leyton Orient
50%
1996/97 Football Conference Macclesfield Town
50%
1997/98 Third Division Macclesfield Town
50%
2001/02 Third Division Mansfield Town
50%
2006/07 Conference National Morecambe
50%
2009/10 Conference South Newport County
50%
1996/97 Division Three Northampton
50%
1999/00 Division Three Northampton Town
50%
2005/06 League Two Northampton Town
50%
1999/00 Division Three Peterborough United
50%
2007/08 League Two Peterborough United
50%
2008/09 League One Peterborough United
50%
1999/00 Division Three Rotherham United
50%
2000/01 Division Two Rotherham United
50%
1993/94 Division Three Shrewsbury Town
50%
2003/04 Football Conference Shrewsbury Town
50%
2004/05 League Two Southend United
50%
2005/06 League One Southend United
50%
2004/05 Conference North Southport
50%
2009/10 Conference North Southport
50%
1992/93 Division One Swindon Town
50%
1995/96 Division Two Swindon Town
50%
2006/07 League Two Swindon Town
50%
1992/93 Division One West Ham United
50%
2004/05 Championship West Ham United
50%
1992/93 Division Three Wrexham
50%
2002/03 Third Division Wrexham
50%
2002/03 Football Conference Yeovil Town
50%
2004/05 League Two Yeovil Town
50%
1992/93 Division Three York City
50%
2007/08 Conference National Aldershot Town
0%
2004/05 Conference North Altrincham
0%
2009/10 Conference South Bath City
0%
2001/02 Football Conference Boston United
0%
1993/94 Division Three Chester City
0%
2003/04 Football Conference Chester City
0%
2006/07 Conference National Dagenham & Redbridge
0%
2009/10 League Two Dagenham & Redbridge
0%
2006/07 Conference North Droylsden
0%
2007/08 Conference South Eastbourne Borough
0%
2006/07 Conference North Farsley Celtic
0%
2008/09 Conference North Gateshead
0%
2004/05 Conference South Grays Athletic
0%
1997/98 Football Conference Halifax Town
0%
2002/03 Third Division Hartlepool United
0%
2006/07 League Two Hartlepool United
0%
2008/09 Conference South Hayes & Yeading United
0%
2006/07 Conference South Histon
0%
2007/08 Conference North Kettering Town
0%
1999/00 Football Conference Kidderminster Harriers
0%
2007/08 Conference South Lewes
0%
2005/06 Conference North Northwich Victoria
0%
2000/01 Football Conference Rushden & Diamonds
0%
2002/03 Third Division Rushden & Diamonds
0%
2006/07 Conference South Salisbury City
0%
2005/06 Conference North Stafford Rangers
0%
2005/06 Conference South St Albans City
0%
2008/09 Conference North Tamworth
0%
2003/04 Third Division Torquay United
0%
2008/09 Conference National Torquay United
0%
2005/06 Conference South Weymouth
0%
1992/93 Football Conference Wycombe Wanders
0%
No matching quizzes found
Score Distribution
Percent of People with Each Score
Percentile by Number Answered
Your Score History
You have not taken this quiz since the last reset